Протокол MODBUS в интеллектуальных датчиках давления; Современные техника и технологии; Т. 1

Opis bibliograficzny
Parent link:Современные техника и технологии: сборник трудов XV Международной научно-практической конференции студентов, аспирантов и молодых ученых, Томск, 4-8 мая 2009 г/ Национальный исследовательский Томский политехнический университет (ТПУ).— , 2009
Т. 1.— 2009.— [С. 281-282]
1. autor: Юрченков В. А. Вячеслав Алексеевич
Kolejni autorzy: Бычков В. В. (научный руководитель)
Streszczenie:Заглавие с титульного листа
Электронная версия печатной публикации
Język:rosyjski
Wydane: 2009
Hasła przedmiotowe:
Dostęp online:http://www.lib.tpu.ru/fulltext/c/2009/C01/V1/141.pdf
Format: MixedMaterials Elektroniczne Rozdział
KOHA link:https://koha.lib.tpu.ru/cgi-bin/koha/opac-detail.pl?biblionumber=242126

MARC

LEADER 00000naa2a2200000 4500
001 242126
005 20251218163249.0
035 |a (RuTPU)RU\TPU\book\263423 
035 |a RU\TPU\book\263408 
090 |a 242126 
100 |a 20130826d2009 k y0rusy50 ca 
101 0 |a rus 
102 |a RU 
135 |a drnn ---uucaa 
181 0 |a i  
182 0 |a b 
200 1 |a Протокол MODBUS в интеллектуальных датчиках давления  |f В. А. Юрченков  |g науч. рук. В. В. Бычков 
203 |a Текст  |c электронный 
215 |a 1 файл (320 Кб) 
300 |a Заглавие с титульного листа 
300 |a Электронная версия печатной публикации 
337 |a Adobe Reader 
461 0 |0 (RuTPU)RU\TPU\book\261117  |t Современные техника и технологии  |o сборник трудов XV Международной научно-практической конференции студентов, аспирантов и молодых ученых, Томск, 4-8 мая 2009 г  |o в 3 т.  |f Национальный исследовательский Томский политехнический университет (ТПУ)  |d 2009 
463 0 |0 (RuTPU)RU\TPU\book\261157  |t Т. 1  |v [С. 281-282]  |d 2009 
610 1 |a электронный ресурс 
610 1 |a труды учёных ТПУ 
610 1 |a датчики давления 
610 1 |a интеллектуальные датчики 
610 1 |a интерфейсы 
610 1 |a промышленные протоколы 
610 1 |a Modbus 
610 1 |a интеллектуальные измерительные приборы 
610 1 |a фирмы-изготовители 
610 1 |a описания 
610 1 |a структурные схемы 
610 1 |a цифровые интерфейсы 
700 1 |a Юрченков  |b В. А.  |c специалист в области неразрушающего контроля  |c младший научный сотрудник Томского политехнического университета  |f 1986-  |g Вячеслав Алексеевич  |3 (RuTPU)RU\TPU\pers\31175 
702 1 |a Бычков  |b В. В.  |4 727 
801 1 |a RU  |b 63413507  |c 20130617 
801 2 |a RU  |b 63413507  |c 20131103  |g RCR 
856 4 |u http://www.lib.tpu.ru/fulltext/c/2009/C01/V1/141.pdf 
942 |c CF